| 000 | 00717nam a2200205 a 4500 | ||
|---|---|---|---|
| 005 | 20210223121121.0 | ||
| 008 | 991125s1994 es 000 0 spa u | ||
| 020 | _a8471761637 | ||
| 035 | _aUPN01000012582 | ||
| 049 | _aI | ||
| 050 | 4 |
_aPZ8 _bC82 |
|
| 245 | 0 | 0 |
_aCuatro cuentos de los Mil y una noches / _cversión de R. S. Torroella ; il. de Art. Studium. |
| 260 |
_aBarcelona, Esp. : _bTimun Mas, _c1994. |
||
| 300 |
_a2 v. : _bil. col. |
||
| 440 | 0 | _aAndersen | |
| 500 | _aLa biblioteca tiene el v.1 | ||
| 505 | 8 | _aContenido: El príncipe Qamar y la princesa Budur. El sueño del pobre. Aladino y la lámpara maravillosa. El caballo mágico | |
| 650 | 4 |
_aCUENTOS INFANTILES ARABES _927810 |
|
| 905 | _aInfantil | ||
| 999 |
_c12582 _d12582 |
||